Giáo trình các hệ thống phân tán
Giới thiệu tổng quan về hệ thống phân tán và các ứng dụng của hệ thống phân tán
Đã lưu trong:
| 主要作者: | |
|---|---|
| 格式: | 圖書 |
| 語言: | Undetermined |
| 出版: |
Cần Thơ
Nxb. Đại học Cần Thơ
2012
|
| 主題: | |
| 標簽: |
添加標簽
沒有標簽, 成為第一個標記此記錄!
|
| Thư viện lưu trữ: | Trung tâm Học liệu Trường Đại học Cần Thơ |
|---|
| LEADER | 00851nam a2200205Ia 4500 | ||
|---|---|---|---|
| 001 | CTU_179827 | ||
| 008 | 210402s9999 xx 000 0 und d | ||
| 020 | |c 25000 | ||
| 082 | |a 004.6 | ||
| 082 | |b H513 | ||
| 100 | |a Ngô, Bá Hùng | ||
| 245 | 0 | |a Giáo trình các hệ thống phân tán | |
| 245 | 0 | |c Ngô Bá Hùng, Nguyễn Phú Trường | |
| 260 | |a Cần Thơ | ||
| 260 | |b Nxb. Đại học Cần Thơ | ||
| 260 | |c 2012 | ||
| 520 | |a Giới thiệu tổng quan về hệ thống phân tán và các ứng dụng của hệ thống phân tán | ||
| 650 | |a Communications network architecture,Data transmission models,Cấu trúc mạng truyền thông,Phương thức truyền dữ liệu | ||
| 904 | |i Nhung | ||
| 980 | |a Trung tâm Học liệu Trường Đại học Cần Thơ | ||